[Event "OP-2010-0-01136"]
[Site "LSS email"]
[Date "2010.04.14"]
[Round "?"]
[White "Friberg, Erik"]
[Black "Vontina, Maria"]
[Result "0-1"]
[WhiteElo "1200"]
[BlackElo "639"]
[PlyCount "38"]
[EventDate "2010.04.09"]
[EventType "tourn (corr)"]
[EventRounds "4"]
[EventCountry "GER"]
[SourceTitle "Telechess CBM 147"]
[Source "ChessBase"]
[SourceDate "2012.03.16"]
[SourceVersion "1"]
[SourceVersionDate "2012.03.16"]
[SourceQuality "1"]

1. d4 Nf6 2. Nf3 e6 3. e3 Be7 4. Bd3 0-0 5. c3 b6 6. Qc2 Bb7 7. Nbd2 Nc6 8. e4 h6 9. e5 Ne8 10. 0-0 d5 11. Re1 Nb8 12. Nf1 c5 13. dxc5 Bxc5 14. Be3 Bxe3 15. Nxe3 Nc6 16. Qe2 Nc7 17. Bc2 Qe7 18. Ng4 Ba6 19. Qe3 Rad8 0-1

[Event "OP-2010-0-01136"]
[Site "LSS email"]
[Date "2010.04.14"]
[Round "?"]
[White "Verich, Oleg"]
[Black "Friberg, Erik"]
[Result "1-0"]
[WhiteElo "1011"]
[BlackElo "1200"]
[PlyCount "37"]
[EventDate "2010.04.09"]
[EventType "tourn (corr)"]
[EventRounds "4"]
[EventCountry "GER"]
[SourceTitle "Telechess CBM 147"]
[Source "ChessBase"]
[SourceDate "2012.03.16"]
[SourceVersion "1"]
[SourceVersionDate "2012.03.16"]
[SourceQuality "1"]

1. e4 d5 2. exd5 Qxd5 3. Nc3 Qa5 4. Nf3 Bg4 5. Be2 Nf6 6. 0-0 e6 7. d3 c6 8. Bd2 Bb4 9. Ne4 Nxe4 10. dxe4 Bxf3 11. Bxb4 Qxb4 12. Bxf3 0-0 13. Qc1 Nd7 14. c3 Qe7 15. Qf4 Nc5 16. Rfd1 f5 17. Qe3 Na4 18. b3 Nb6 19. a4 1-0